Cargando...
Paniniya Tripathi
| Autor Principal: | |
|---|---|
| Publicado: |
Satyananda Veda Vagis
|
| LEADER | 00252 a2200085 4500 | ||
|---|---|---|---|
| 100 | |a Satyananda Veda Vagis | ||
| 245 | |a Paniniya Tripathi | ||
| 260 | |b Satyananda Veda Vagis | ||
| 999 | |c 53818 |d 53818 | ||
| 952 | |0 0 |1 0 |2 ddc |4 0 |7 0 |9 77606 |a SSUS |b SSUS |d 2015-06-08 |r 2015-06-08 |w 2015-06-08 | ||